Online Catalogue and eLibrary

Kulaya,panthiya saha lankawe samaja gatum (Record no. 5038)

MARC details
000 -LEADER
fixed length control field 00447nam a2200157Ia 4500
005 - DATE AND TIME OF LATEST TRANSACTION
control field 20250612020930.0
008 - FIXED-LENGTH DATA ELEMENTS--GENERAL INFORMATION
fixed length control field 240331s9999 xx 000 0 und d
020 ## - INTERNATIONAL STANDARD BOOK NUMBER
ISBN 9559170767
082 ## - DDC Classification
Item Number - Author Mark SIL
Class No. 305
100 ## - MAIN ENTRY--PERSONAL NAME
Personal name Silva,K.T
245 #0 - TITLE STATEMENT
Title Kulaya,panthiya saha lankawe samaja gatum
260 ## - PUBLICATION, DISTRIBUTION, ETC.
Place of publication, distribution, etc. Boralesgamuwa
Name of publisher, distributor, etc. C/S (Private) Visidunu Publishers
Date of publication, distribution, etc. 2005
300 ## - PHYSICAL DESCRIPTION
Extent (e.g. Volumes, Pages etc.) 197 p.,
500 ## - GENERAL NOTE
General note caste , class and social conflict in Sri Lanka
942 ## - Koha item type (Biblio)
Koha item type Books in Stacks (Lending)
Holdings
Lost status Damaged status Collection code Home library Current library Shelving location Date acquired Full call number Accession Number Item type
    Lending WERC Library WERC Library Social Science Cupboard 03/31/2024 305.949 SIL 5652 Books in Stacks (Lending)

© WERC Library